Centrum voľného času v Sládkovičove

Gespeichert in:
Bibliographische Detailangaben
1. Verfasser: Modroczká, Viktória (Verfasst von)
Weitere Verfasser: Ingeli, Rastislav (Betreuung Doktorarbeit)
Format: Manuskript Buch
Sprache:Slowakisch
Veröffentlicht: 2025
Schlagworte:
Online-Zugang:http://is.stuba.sk/zp/portal_zp.pl?podrobnosti=185043
CRZP
Tags: Tag hinzufügen
Keine Tags, Fügen Sie das erste Tag hinzu!

MARC

LEADER 00000ntm a22000003a 4500
001 stuzp105891
003 SK-STU
005 20250729142457.3
007 ta
008 150427s2015----xo-----f-mn---000-0-slo-d
040 |a STU  |b slo 
041 0 |a slo 
100 1 |a Modroczká, Viktória  |u 010180  |4 aut  |U SvF Stavebná fakulta  |T SvF Katedra konštrukcií pozemných stavieb  |X 103625  |U V180  |Y 18  |7 103625 
242 0 1 |a Leisure center in Sládkovičovo  |y eng 
245 1 0 |a Centrum voľného času v Sládkovičove 
260 |c 2025 
650 4 |a leisure centre  |2 eng 
650 4 |a dance studio  |2 eng 
650 4 |a library  |2 eng 
650 4 |a new building  |2 eng 
650 4 |a construction project documentation  |2 eng 
650 4 |a community centre  |2 eng 
650 4 |a projekt na realizáciu stavby  |2 slo 
650 4 |a tanečné štúdio  |2 slo 
650 4 |a komunitné centrum  |2 slo 
650 4 |a knižnica  |2 slo 
650 4 |a novostavba  |2 slo 
650 4 |a centrum voľného času  |2 slo 
700 1 |a Ingeli, Rastislav  |u 010180  |k Z1  |4 ths  |U SvF Stavebná fakulta  |T SvF Katedra konštrukcií pozemných stavieb  |X 23863  |U V180  |Y 18  |7 A000023863 
856 4 |u http://is.stuba.sk/zp/portal_zp.pl?podrobnosti=185043 
856 4 |u https://opac.crzp.sk/?fn=detailBiblioForm&sid=C9A1C75A261DD259FD83461E26A3  |z CRZP